| 000 | 00703nam a2200181 u 4500 | ||
|---|---|---|---|
| 001 | 000230547 | ||
| 003 | AM-YeHGA | ||
| 005 | 20250618071550.0 | ||
| 008 | 030602s1946 ai r 000 0 arm d | ||
| 040 | _aAM-YeHGA | ||
| 100 | 1 |
_aՄկրտչյան, Հարություն Գաբրիելի, _d1903-1992 _91865 |
|
| 245 | 1 | 0 |
_aԱրագիլը : _b[Պատմվածք] / _cՀ. Մկրտչյան; Նկ.՝ Ս. Ստեփանյան. |
| 260 |
_aԵրևան : _bՀայպետհրատ, _c1946. |
||
| 300 |
_a10 էջ : _bնկ. ; _c21 սմ. |
||
| 650 | 1 | 4 |
_aՄանկական գրականություն _xՊատմվածք |
| 700 | 1 |
_aՍտեփանյան, Սուրեն Շավարշի, _d1915-1977 _eնկ. _4art _91781 |
|
| 090 | _c82491 | ||
| 999 |
_c81223 _d81223 |
||